000 01114nam a2200325 a 4500
001 000113176
003 CHAP
005 20220329144342.0
008 170509s2016 mx a fsm |||||||spa d
010 _a109637
011 _a110609
040 _cCHAP
090 _aTesis
100 1 _aCruz Tirzo, Agustina
_9132133
245 1 0 _aPinetum Maximino Martínez /
_h[En línea]
_cpor Agustina Cruz Tirzo.
260 _aChapingo, Méx. :
_bEl autor,
_c2016.
500 _aPara ver el contenido del material haga clic en la liga
502 _aTesis (Ing. Forestal) -- UACH. División de Ciencias Forestales
590 _aE11695DGD
_b10
_c20170511
_lUCH01
_h0937
590 _aE8697GMM
_b05
_c20170509
_lUCH01
_h1322
590 _aE8697GMM
_b05
_c20170509
_lUCH01
_h1335
650 1 4 _aMétodos de mejoramiento genético.
_9125669
650 1 4 _aPino
_xAnatomía y fisiología.
_9127315
650 1 4 _aPino
_xVariedades.
_9127316
650 1 4 _aPlantación forestal
_xMejoramiento.
_9132151
856 _aFinding aid
_uhttp://10.13.5.2/tesis/sist113176.pdf
_zTeclea aquí
901 _aBK
942 _cTESIS
942 _n0
999 _c109637
_d109637